| 000 | 01002nam a2200229 i 4500 | ||
|---|---|---|---|
| 001 | bg | ||
| 100 | 1 | _aPIESKOW, Igor | |
| 245 | 0 |
_aInstalacje przemysłowe / _cIgor Pieskow. |
|
| 250 | _aWyd. 9. | ||
| 260 |
_aWarszawa : _bWydawnictwa Szkolne i Pedagogiczne, _c1992. |
||
| 300 |
_a413, [2] s., [4] k. tabl. złoż. luz. : _brys., wykr. ; _c21 cm. |
||
| 504 | _aBibliogr. s. [414]. | ||
| 505 | _aOmówiono aparaturę kontrolno-pomiarową, instalacje powietrza sprężonego, gazów technicznych, chłodnicze, odciągów miejscowych, przeciwpożarowe, przeciwwybuchowe, instalacje sanitarne w zakładach przemysłowych oraz suszarnie, sztuczne dojrzewanie betonu, zbiorniki stalowe, pralnie, kuchnie, kąpieliska i baseny, magazyny oraz szklarnie. | ||
| 650 | 9 |
_aBudownictwo przemysłowe _aurządzenia |
|
| 650 | 9 | _aInstalacje | |
| 655 | _aPodręczniki szkolne | ||
| 040 | _cBPK | ||
| 041 | 0 | _apl | |
| 080 | _a696+697::725.4](075.3) | ||
| 942 | _cKS | ||
| 008 | s pl f |000 0 pol | ||
| 999 |
_c34228 _d34228 |
||
| 856 |
_uhttp://koha.tu.koszalin.pl/cgi-bin/koha/opac-detail.pl?biblionumber=34228 _yKatalog online BPK |
||